000 00526nam a22001697a 4500
005 20251108165004.0
008 250721s1984 xx 000 0 ara d
082 1 4 _a892.19/قاس
100 1 _aالمقداد، قاسم
245 1 0 _aهندسة المعنى في السرد الأسطوري الملحمي :
_bجلجامش /
264 1 _aدمشق :
_bدار السؤال،
_c1984.
300 _a192ص
650 1 7 _aالأدب الأشوري
650 1 7 _aالأدب البابلي
942 _2ddc
_cBK
999 _c19218
_d19218